Responses for Show #8667 - Tuesday, June 21, 2022

Megan Wachspress game 6.

Contestants

[<< previous game]

Jenny Sholar, a preschool teacher from Madison, Wisconsin

Rob Kaplan, a teaching physician from Los Angeles, California

Megan Wachspress, an attorney from Berkeley, California (whose 5-day cash winnings total $52,002)

[next game >>]

Jeopardy! Round responses

GEOGRAPHIC SUPERLATIVES
RED ALL OVER
TAKING STOCK SYMBOL
TV FACTOIDS
KIDS' BOOKS
3 LETTERS IN A ROW, ALPHABETICALLY
(Mayim: For example, if the response was "monopoly", that would contain "N-O-P".)
    $200 11
Mount Everest

Rob
    $200 1
scarlet fever

Megan
    $200 23
Chipotle

Jenny
    $200 18
Tony Romo

Triple Stumper
    $200 5
(Megan: Who is Peter Cottontail?)

Peter Rabbit

MeganRob
    $200 6
laughing

Jenny
    $400 12
the Sahara

Jenny
    $400 2
a cardinal sin

Triple Stumper
    $400 24
BlackBerry

Triple Stumper
    $400 19
Euphoria

Megan
    $400 8
The Very Hungry Caterpillar

Rob
    $400 7
(Megan: What is nephew?)
(Jenny: What is avuncular?)
(Rob: What is uncle?)

first cousin

MeganRobJenny
Triple Stumper
    $1,000 13
the Bay of Bengal

Jenny
    $600 3
a blood orange

Megan
    $600 30
Manchester United

Rob
    $600 20
Seattle

Megan
    $600 10
Corduroy

Jenny
    $600 29
(Jenny: What is discredit?)

defame

RobJenny
    $800 14
(Rob: What is IguazĂș Falls?)

Angel Falls

RobJenny
    $800 4
(Megan: What is red-throated hummingbird?)

a ruby-throated hummingbird

MeganJenny
    $800 26
Equifax

Jenny
    $800 21
Christopher Meloni

Triple Stumper
    $800 16
Madeline

Megan
    $800 28
am not

Jenny
    $1000 15
the Caspian Sea

Megan
    $1000 9
(Jenny: What is burgundy?)
(Rob: What is rosé?)

claret

RobJenny
Triple Stumper
    $1000 25
(Mayim: Less than a minute.)

Halliburton

Megan
    $1000 22
(Megan: Who is Roberts?)

Tamron Hall

Megan
Triple Stumper
    $1000 17
She Persisted

Jenny
    $1000 27
(Megan: What is delta?)

an estuary

Megan
Triple Stumper

Scores at the first commercial break (after clue 15):

Megan Rob Jenny
$400 -$1,400 $2,400

Scores at the end of the Jeopardy! Round:

Megan Rob Jenny
$1,200 -$200 $4,600

Double Jeopardy! Round responses

HISTORY
MOVIE INSPIRATIONS
I DON'T HEAR A SYMPHONY
MEDICAL BREAKTHROUGHS
TRANSPLANTS
"M.R.", AYE!
(Mayim: Each response is two words starting with those two letters.)
    $400 11
Jerusalem

Jenny
    $400 26
(Mayim: Yes, less than a minute.)

the Coen brothers

Megan
    $400 21
operas

Rob
    $400 2
the eyes

Megan
    $400 16
Einstein

Jenny
    $400 6
Mount Rushmore

Megan
    $800 12
Baltimore

Rob
    $800 27
Psycho

Rob
    $800 22
the 9th

Megan
    $800 3
anesthesia

Megan
    $800 17
Josephine Baker

Jenny
    $800 7
medium rare

Rob
    $1200 13
the Ming Dynasty

Rob
    $3,100 28
Nacho Libre

Rob
    $1200 23
a sonata

Rob
    $2,000 1
(Rob: What are prions?)

stem cells

Rob
    $1200 18
(Ferdinand) Marcos

Megan
    $1200 8
the Map Room

Triple Stumper
    $1600 14
Frederick the Great

Rob
    $1600 29
The Fast and the Furious

Megan
    $1600 24
Variations

Rob
    $1600 4
a pig

Megan
    $1600 19
Marc Chagall

Rob
    $1600 9
the Mackenzie River

Rob
    $2000 15
Ur

Jenny
    $2000 30
The Manchurian Candidate

Jenny
    $2000 25
a concerto

Triple Stumper
    $2000 5
(Rob: What is [**] or [*]?)
(Mayim: Yes, [*].)

digitalis (digoxin)

Rob
    $2000 20
Kai-shek

Jenny
    $2000 10
[NOTE: Rob did not say the first name and Mayim did not give it either to complete the 2-word "M.R." requirement of the category.]

(Maurice) Ravel

Rob

Scores at the end of the Double Jeopardy! Round:

Megan Rob Jenny
$8,400 $16,500 $12,200

[wagering suggestions for these scores]

Final Jeopardy! Round responses

GEOGRAPHY WORDS
(Mayim: [To Megan] It now means any chain of islands.)
...
(Mayim: [To Rob] I'm not able to make that out; that is not correct.)
MeganWhat is archipelago?
$201
JennyWhat is Io Tyrrhenian?
$8,700
RobWhat is [illegible]?
$7,901
archipelago

Final scores:

Megan Rob Jenny
$8,601 $8,599 $3,500
6-day champion: $60,603 2nd place: $2,000 3rd place: $1,000

Game dynamics:

Coryat scores:

Megan Rob Jenny
$8,400 $16,600 $11,800
15 R,
5 W
18 R
(including 1 DD),
4 W
(including 1 DD)
16 R
(including 1 DD),
3 W

Combined Coryat: $36,800

[game clues] [game scores] [suggest correction]

Game tape date: 2022-04-28
The J! Archive is created by fans, for fans. Scraping, republication, monetization, and malicious use prohibited; this site may use cookies and collect identifying information. See terms. The Jeopardy! game show and all elements thereof, including but not limited to copyright and trademark thereto, are the property of Jeopardy Productions, Inc. and are protected under law. This website is not affiliated with, sponsored by, or operated by Jeopardy Productions, Inc. Join the discussion at JBoard.tv.